000 00488nam a2200181Ia 4500
001 7423
005 20260306160454.0
008 260306t2015||||xx |||||||||||||| ||spa||
041 _aESP
082 _a338.985
_bC235 2015
100 _aPontificia Universidad Católica del Perú. CENTRUM Católica
_eAUT
245 0 _aÍndice de competitividad regional del Perú
260 _c2015
300 _a495 páginas :
_c29 cm.
650 _aGEN
654 _aCAN
942 _cLIB
_dJUS
_fJUS
_2ddc
_n
999 _c7423
_d7423